01014 a2200181 45000010006000000050017000060080041000230030015000640400040000790800031001192450084001500200018002342640057002523000032003095050456003410410008007971000027008055455720260407155819.0260407a1998 arg spa dAR-UNSa-BCEJYS aAR-UNSa-BCEJYSbspacAR-UNSa-BCEJYS a330xEconomía en general10aContribuciones al estudio de la economíapensayos, comunicaciones, e informes a950-33-0201-3 1aCórdoba :bUniversidad Nacional de Córdobac1998 a2 v. (614 ; 450 p.)c21 cm. aTomo I: 1. Ensayos en economía y humanismo – 2. Ensayos en historia del pensamiento económico – 3. Ensayos en política económica – 4. Ensayos en economía regional e internacional – 5. Ensayos en finanzas públicas – 6. Ensayos en economía matemática y econometría - - Tomo II: 7. Ensayos en macroeconomía – 8. Ensayos en la economía del deporte – 9. Ensayos en metodología – 10. Informes – 11. Comunicaciones.  aspa1 aDi Marco, Luis Eugenio